Quick Pick: 'G' Athletes Quiz Stats

Quiz Updated Aug 7, 2017

Challenge
Share
Tweet
Embed
Score 0/10 Timer 01:00
5 Plays Today
% Correct
Kevin Garnett
79.8%
Wayne Gretzky
78.8%
Ken Griffey Jr.
74.7%
Antonio Gates
70.3%
George Gervin
66.5%
Tony Gwynn
66%
Bob Griese
65%
Tom Glavine
61.9%
Bob Gibson
58.9%
Bob Gainey
52.7%

Today's Daily Dose

Word Ladder
Paul Newman

On This Day
April 21st II

You're not logged in!

Compare scores with friends on all Sporcle quizzes.
Sign Up with Email
OR
Log In

You Might Also Like...

Show Comments

Extras

Top Quizzes Today


Score Distribution

Your Account Isn't Verified!

In order to create a playlist on Sporcle, you need to verify the email address you used during registration. Go to your Sporcle Settings to finish the process.

Report this User

Report this user for behavior that violates our Community Guidelines.

Details: